| Tag |
First Indicator |
Second Indicator |
Subfields |
| LEADER |
00000cam a2200000Ia 4500 |
| 001 |
in00002073813 |
| 005 |
20151102123029.0 |
| 008 |
050809s2005 mduab bd 001 0 eng d |
| 020 |
|
|
|a 0810853337
|
| 035 |
|
|
|a (OCoLC)ocm61232542
|
| 040 |
|
|
|a TEF
|c TEF
|d BAKER
|d UtOrBLW
|
| 049 |
|
|
|a TXAM
|
| 050 |
|
0 |
|a DS557.7
|b .M63 2005
|
| 082 |
0 |
4 |
|a 959.704/3/03
|2 22
|
| 100 |
1 |
|
|a Moïse, Edwin E.,
|d 1946-
|
| 245 |
1 |
4 |
|a The A to Z of the Vietnam War /
|c Edwin E. Moïse.
|
| 264 |
|
1 |
|a Lanham, Md. :
|b Scarecrow Press,
|c 2005.
|
| 300 |
|
|
|a li, 457 pages :
|b illustrations, maps ;
|c 22 cm.
|
| 336 |
|
|
|a text
|b txt
|2 rdacontent
|
| 337 |
|
|
|a unmediated
|b n
|2 rdamedia
|
| 338 |
|
|
|a volume
|b nc
|2 rdacarrier
|
| 490 |
1 |
|
|a The A to Z guides ;
|v no. 9
|
| 500 |
|
|
|a Revised edition of: Historical dictionary of the Vietnam War, 2001.
|
| 504 |
|
|
|a Includes bibliographical references (pages 437-444) and indexes.
|
| 650 |
|
0 |
|a Vietnam War, 1961-1975
|v Dictionaries.
|
| 700 |
1 |
|
|a Moïse, Edwin E.,
|d 1946-
|t Historical dictionary of the Vietnam War.
|
| 830 |
|
0 |
|a A to Z guides ;
|v 9.
|
| 945 |
|
|
|i PromptCat
|
| 947 |
|
|
|a A14832686091
|
| 994 |
|
|
|a 92
|b TXA
|
| 948 |
|
|
|a cataloged
|b h
|c 2005/9/19
|d c
|e rbarron
|f 2:51:05 pm
|
| 999 |
|
|
|a MARS
|
| 999 |
f |
f |
|s 133d1b3b-33e5-3e51-b24a-4e3e6b1e0e7b
|i bbe929da-2533-39ef-8699-76ade1a0ec33
|t 0
|
| 952 |
f |
f |
|p normal
|a Texas A&M University
|b College Station
|c Sterling C. Evans Library
|d Evans: Library Stacks
|t 0
|e DS557.7 .M63 2005
|h Library of Congress classification
|i unmediated -- volume
|m A14832686091
|
| 998 |
f |
f |
|a DS557.7 .M63 2005
|t 0
|l Evans: Library Stacks
|